[Event "Veteranos Aragón 2015"]
[Site ""]
[Date "2015.04.18"]
[Round "1.1"]
[White "Sanz Navarro Alberto"]
[Black "Roche Simón Manuel Angel "]
[Result "0-1"]
[WhiteElo "1576"]
[BlackElo "2144"]

1.e4 c5 2.c3 d5 3.e5 Nc6 4.f4 d4 5.Nf3 Bg4 6.d3 e6 7.Nbd2 Nge7 8.Ne4 Nd5 9.h3
Bxf3 10.Qxf3 Be7 11.Bd2 dxc3 12.bxc3 O-O 13.g3 b5 14.Bg2 Rc8 15.O-O b4 16.Rfc1
bxc3 17.Nxc3 Ndb4 18.Ne4 Nxd3 19.Rc3 c4 20.Rd1 Nd4 21.Qg4 g6 22.Ng5 h5 23.Qh4
Nf5 24.Nxe6 fxe6 0-1

[Event "Veteranos Aragón 2015"]
[Site ""]
[Date "2015.04.18"]
[Round "1.2"]
[White "Sarto Ramos Angel"]
[Black "Arteaga Jimenez Francisco"]
[Result "1-0"]
[WhiteElo "1967"]
[BlackElo "1572"]

1.Nf3 Nf6 2.d4 g6 3.Nc3 Bg7 4.e4 d6 5.Bg5 c6 6.Qd2 h6 7.Bf4 g5 8.Bg3 Nh5 9.Be2
Nxg3 10.hxg3 Nd7 11.O-O-O Qc7 12.Ne1 e5 13.dxe5 dxe5 14.Nd3 Nf6 15.Nxe5 Nxe4
16.Nxe4 Bxe5 17.Nd6+ Kf8 18.f4 gxf4 19.gxf4 Qxd6 20.Qxd6+ Bxd6 21.Rxd6 Be6 22.
Bf3 Ke7 23.Rd2 Rad8 24.Rxd8 Kxd8 25.g4 Ke7 26.g5 Bf5 27.a4 Kf8 28.gxh6 a5 29.
c3 f6 30.b4 axb4 31.cxb4 Ke7 32.Kb2 Kd6 33.Kc3 b6 34.a5 bxa5 35.bxa5 Kc5 36.
Be2 Be4 37.Rh5+ Kd6 38.Bd3 1-0

[Event "Veteranos Aragón 2015"]
[Site ""]
[Date "2015.04.18"]
[Round "1.3"]
[White "Otal Bornau José Miguel"]
[Black "Palomar Ramón Santiago"]
[Result "0-1"]
[WhiteElo "1552"]
[BlackElo "1952"]

1.e4 e5 2.Nf3 Nc6 3.Bb5 Nf6 4.d3 Bc5 5.O-O Nd4 6.Nxd4 Bxd4 7.c3 Bb6 8.Bg5 h6
9.Bh4 c6 10.Ba4 d6 11.h3 Be6 12.Nd2 Qd7 13.b4 Bxh3 14.gxh3 Qxh3 15.Bxf6 gxf6
16.Qf3 Rg8+ 0-1

[Event "Veteranos Aragón 2015"]
[Site ""]
[Date "2015.04.18"]
[Round "1.4"]
[White "Gonzalez Felez José Julián"]
[Black "Latorre Bueno Francisco"]
[Result "1-0"]
[WhiteElo "1945"]
[BlackElo "1548"]

1.c4 e6 2.Nf3 Nf6 3.g3 c6 4.b3 Be7 5.Bb2 d5 6.Bg2 Nbd7 7.O-O O-O 8.d3 h6 9.
Nbd2 a6 10.Qc2 b5 11.Rfd1 Bb7 12.e4 Rc8 13.Rac1 Qc7 14.cxb5 axb5 15.e5 Ng4 16.
Re1 h5 17.h3 Nh6 18.d4 Qa5 19.Bc3 b4 20.Bb2 c5 21.dxc5 Nxc5 22.Qb1 Ba6 23.Bf1
Bxf1 24.Kxf1 Qa6+ 25.Kg2 Nd3 26.Rxc8 Rxc8 27.Rd1 Nxb2 28.Qxb2 Qc6 29.Nf1 Qc3
30.Qe2 g6 31.Nd4 Qc7 32.Rd2 Qd7 33.Rc2 Bc5 34.Qa6 Qc7 35.Ne3 Rb8 36.Nc6 Rb6
37.Qa8+ Bf8 38.f4 Qb7 39.Qxb7 Rxb7 40.g4 Rd7 41.Nd4 hxg4 42.hxg4 Kg7 43.Kf3
Be7 44.g5 Nf5 45.Nexf5+ gxf5 46.Rc8 Bf8 47.Nc6 d4 48.Rd8 Rxd8 49.Nxd8 Bc5 50.
Ke2 Kf8 51.Kd3 Ke7 52.Nc6+ Kd7 53.Nxd4 Bf8 54.Kc4 Be7 55.Nc2 Bd8 56.Nxb4 Bb6
57.Nd3 Kc6 58.a4 Be3 59.b4 Bd2 60.a5 Kb7 61.Kb5 Be3 62.Kc4 Bd2 63.Nc5+ Kc8 64.
Nxe6 fxe6 65.g6 Bxf4 66.g7 Bxe5 67.g8=Q+ 1-0

[Event "Veteranos Aragón 2015"]
[Site ""]
[Date "2015.04.18"]
[Round "1.5"]
[White "Lasierra Arceiz Javier"]
[Black "Vasilev Vas"]
[Result "0-1"]
[WhiteElo "1524"]
[BlackElo "1943"]

1.e4 d5 2.e5 c5 3.c3 Nc6 4.d4 Bf5 5.Bb5 e6 6.h3 Rc8 7.Nf3 a6 8.Bd3 Bxd3 9.Qxd3
cxd4 10.cxd4 Nb4 11.Qd2 Rxc1+ 12.Ke2 Rc2 13.a3 Rxd2+ 14.Nbxd2 Nc6 15.b4 Nge7
16.g3 f6 17.Nb3 fxe5 18.Nxe5 Nxe5 19.dxe5 Nc6 20.f4 Be7 21.Rhc1 O-O 22.Nc5
Bxc5 23.Rxc5 Nd4+ 0-1

[Event "Veteranos Aragón 2015"]
[Site ""]
[Date "2015.04.18"]
[Round "1.6"]
[White "Orti Stock Carlos"]
[Black "Ubeda Gimeno Angel"]
[Result "1-0"]
[WhiteElo "1925"]
[BlackElo "1512"]

1.b3 e5 2.Bb2 Nc6 3.e3 Nf6 4.g3 d6 5.Bg2 g6 6.Ne2 Bg7 7.d3 O-O 8.O-O Be6 9.c4
Qd7 10.Nbc3 Bh3 11.Nd5 Nxd5 12.cxd5 Bxg2 13.Kxg2 Nb4 14.Nc3 c6 15.e4 cxd5 16.
Ba3 a5 17.Bxb4 axb4 18.Nxd5 Qb5 19.Nc7 Qd7 20.Nxa8 Rxa8 21.Qd2 f5 22.Qxb4 fxe4
23.dxe4 d5 24.a4 d4 25.Qc4+ Kh8 26.Rac1 h5 27.Qb5 Qxb5 28.axb5 d3 29.Rfd1 Rd8
30.Rc7 b6 31.Rc6 d2 32.Rxg6 Kh7 33.Rxb6 Bh6 34.Rxh6+ Kxh6 35.Kf3 Rd3+ 36.Ke2
Rxb3 37.Rxd2 Rxb5 38.Rd5 Rxd5 39.exd5 Kg6 40.Ke3 1-0

[Event "Veteranos Aragón 2015"]
[Site ""]
[Date "2015.04.18"]
[Round "1.7"]
[White "Cervera Soler Ramón"]
[Black "Navarro Castán Jesús"]
[Result "0-1"]
[WhiteElo "1498"]
[BlackElo "1862"]

1.c4 Nf6 2.g3 c5 3.Bg2 Nc6 4.Nc3 g6 5.d3 Bg7 6.Nf3 O-O 7.O-O d6 8.Bd2 Rb8 9.
Qc1 Nd4 10.Nxd4 cxd4 11.Nb5 Qb6 12.b3 a6 13.Na3 Bd7 14.Nc2 Bc6 15.f3 e5 16.Qa3
d5 17.Rab1 Rfe8 18.Nb4 Bf8 19.Rfc1 a5 20.c5 Bxc5 21.Rxc5 Qxc5 22.Rc1 axb4 23.
Bxb4 Qb5 24.Bd6 Ra8 25.Qb2 Re6 26.Rc5 Qb6 0-1

[Event "Veteranos Aragón 2015"]
[Site ""]
[Date "2015.04.18"]
[Round "1.8"]
[White "Marín Fuertes Angel Maria"]
[Black "Burillo Lazaro Amelia"]
[Result "1-0"]
[WhiteElo "1838"]
[BlackElo "1474"]

1.e4 g6 2.d4 d6 3.Nc3 Bg7 4.Be3 Nd7 5.Qd2 c6 6.O-O-O Ngf6 7.Be2 O-O 8.f4 Qc7
9.e5 Ne8 10.Nf3 d5 11.h4 e6 12.h5 b5 13.hxg6 fxg6 14.Ng5 Nb6 15.Rxh7 a5 16.Bg4
Nc4 17.Qe1 Nxe3 18.Qxe3 Qe7 19.Rdh1 a4 20.Qh3 1-0

[Event "Veteranos Aragón 2015"]
[Site ""]
[Date "2015.04.18"]
[Round "1.9"]
[White "Codina Escudero Juan"]
[Black "Garcia Estruch Jorge"]
[Result "0-1"]
[WhiteElo "1451"]
[BlackElo "1819"]

1.d4 Nf6 2.c4 g6 3.Nc3 Bg7 4.Bg5 h6 5.Bf4 d6 6.h3 O-O 7.e3 Nbd7 8.Nf3 Re8 9.
Be2 b6 10.O-O Bb7 11.Rc1 e5 12.dxe5 dxe5 13.Bh2 Qe7 14.a3 a6 15.b4 a5 16.Qb3
c6 17.Rfd1 Ra7 18.Nd2 Rea8 19.b5 Nc5 20.Qb1 Nfd7 21.Bf3 cxb5 22.Nxb5 Bxf3 23.
Nxf3 Rb7 24.Nd6 Rbb8 25.Nb5 a4 26.Nc7 Ra7 27.Nd5 Qe6 28.Qb5 Ra5 29.Qb2 Nb3 30.
Rc2 Kh7 31.e4 Rc8 32.Qc3 f6 33.Nb4 Ndc5 34.Qe3 Ra7 35.Nd5 Rb7 36.Nd2 Nd4 37.
Rb2 Ndb3 38.Nxb3 Nxb3 39.Qc3 b5 40.Qb4 Rxc4 41.Nc3 Rxb4 0-1

[Event "Veteranos Aragón 2015"]
[Site ""]
[Date "2015.04.18"]
[Round "1.10"]
[White "Royo Onde Manuel"]
[Black "Requeno Otin Juan José"]
[Result "1/2-1/2"]
[WhiteElo "1817"]
[BlackElo "1446"]

1.c4 e5 2.Nf3 d6 3.Nc3 Nf6 4.g3 Be7 5.Bg2 O-O 6.O-O a6 7.d3 Nbd7 8.Nh4 Rb8 9.
Nf5 b6 10.Nxe7+ Qxe7 11.Bg5 h6 12.Nd5 Qd8 13.Bxf6 Nxf6 14.f4 Bb7 15.fxe5 Nxd5
16.cxd5 dxe5 17.e4 a5 18.Rf5 Bc8 19.Rf2 Qd6 20.Rc1 Bd7 21.Rfc2 Rbc8 22.d4 f6
23.Rc3 Rf7 24.h3 f5 25.dxe5 Qxe5 26.d6 c6 27.exf5 Rxf5 28.Qb3+ Kh8 29.Qxb6
Qxd6 1/2-1/2

[Event "Veteranos Aragón 2015"]
[Site ""]
[Date "2015.04.18"]
[Round "1.11"]
[White "Lopez Carcas Jesús"]
[Black "Edeso Perez Francisco"]
[Result "1/2-1/2"]
[WhiteElo "1430"]
[BlackElo "1785"]

1.e4 c5 2.f4 d6 3.d4 cxd4 4.Qxd4 Nc6 5.Qf2 Nf6 6.Nc3 e6 7.h3 Be7 8.Nf3 O-O 9.
Bd3 Bd7 10.O-O a6 11.f5 b5 12.Bf4 Rc8 13.Kh1 Qc7 14.Rae1 Na5 15.e5 dxe5 16.
Nxe5 Bd6 17.Nxd7 Qxd7 18.Qb6 Bxf4 19.Rxf4 Rxc3 20.Rd4 Qc7 21.Qxa6 Rc5 22.fxe6
fxe6 23.Qxe6+ Kh8 24.b4 Rc6 25.Qe7 Qxe7 26.Rxe7 Nc4 27.Kg1 Rcc8 28.Rb7 Na3 29.
Bf5 Rc3 30.Rd3 Rxd3 31.Bxd3 Nd5 32.Bxb5 Nxc2 33.Bc4 1/2-1/2

[Event "Veteranos Aragón 2015"]
[Site ""]
[Date "2015.04.18"]
[Round "1.12"]
[White "Ocabo Vera Pedro Aristides"]
[Black "Ferruz Martinez Rafael"]
[Result "1-0"]
[WhiteElo "1777"]
[BlackElo "1323"]

1.e4 e5 2.Nf3 Nc6 3.Bb5 a6 4.Ba4 Nf6 5.d3 Be7 6.O-O b5 7.Bb3 O-O 8.Re1 d6 9.c3
Re8 10.Nbd2 Bb7 11.Nf1 Na5 12.Bc2 c5 13.Ng3 g6 14.Be3 Ng4 15.Bd2 Kg7 16.h3 Nh6
17.Nh2 Bg5 18.Qc1 Bxd2 19.Qxd2 Rf8 20.Rf1 f6 21.f4 Qe7 22.f5 g5 23.h4 Nf7 24.
Ng4 Rh8 25.hxg5 Nxg5 26.Qxg5+ fxg5 27.f6+ Qxf6 28.Rxf6 Rhf8 29.Raf1 Rxf6 30.
Rxf6 Rf8 31.Nh5+ 1-0

[Event "Veteranos Aragón 2015"]
[Site ""]
[Date "2015.04.18"]
[Round "1.13"]
[White "Pinilla Alvarez José Carlos"]
[Black "Sanchez Valles José Maria"]
[Result "0-1"]
[WhiteElo "1187"]
[BlackElo "1752"]

1.b4 a5 2.bxa5 Nc6 3.Bb2 d5 4.e3 Nxa5 5.Nf3 Bg4 6.h3 Bh5 7.g4 Bg6 8.Nc3 Nf6 9.
d3 e6 10.Ne5 Bd6 11.Nxg6 hxg6 12.Nb5 Bb4+ 13.c3 Bc5 14.d4 Be7 15.a4 c6 16.Na3
Qd7 17.Nc2 e5 18.Bg2 Nc4 19.Bc1 e4 20.Bf1 Nxg4 21.Bxc4 dxc4 22.Nb4 Ra5 23.Qe2
Rah5 24.Kd2 c5 25.Nc2 Ne5 26.a5 Rxh3 27.Rxh3 Rxh3 28.a6 bxa6 29.Rxa6 Nf3+ 30.
Kd1 Rh1+ 31.Ne1 Qb5 32.Qa2 Rxe1+ 33.Kc2 Re2+ 0-1

[Event "Veteranos Aragón 2015"]
[Site ""]
[Date "2015.04.18"]
[Round "1.14"]
[White "Yañez Acin Gonzalo"]
[Black "Figuer Montero Fernando"]
[Result "1-0"]
[WhiteElo "1737"]
[BlackElo "1845"]

1.e4 e5 2.Nf3 d6 3.Bc4 Nf6 4.d3 Bg4 5.h3 Bh5 6.Be3 Be7 7.Nbd2 h6 8.c3 a6 9.a4
Nh7 10.Qc2 Nd7 11.a5 Ng5 12.Nh2 Ne6 13.b4 Bg5 14.O-O O-O 15.Rfe1 Kh8 16.Ndf1
Bg6 17.Nf3 Nf4 18.Kh2 Qe7 19.Nxg5 hxg5 20.Qd2 f5 21.g3 Ne6 22.Bxe6 Qxe6 23.
Bxg5 fxe4 24.dxe4 Kh7 25.Qa2 Qxa2 26.Rxa2 Rf3 27.Re3 Rf7 28.Kg2 Raf8 29.Nh2
Bh5 30.g4 Bg6 31.Rae2 Rd8 32.h4 Kg8 33.Rf3 Rdf8 34.Rxf7 Rxf7 35.Nf1 Nf6 36.f3
Kf8 37.Ne3 Ke8 38.h5 Bh7 39.Rd2 Kd7 40.Nc4 Bg8 41.Nxe5+ 1-0

[Event "Veteranos Aragón 2015"]
[Site ""]
[Date "2015.04.18"]
[Round "1.15"]
[White "Perez Sirera Jose Maria"]
[Black "Gimeno Royo Jose Andres"]
[Result "0-1"]
[WhiteElo "1563"]
[BlackElo "1714"]

1.d4 f5 2.Nf3 Nf6 3.e3 g6 4.b3 Bg7 5.Bb2 O-O 6.Bd3 d5 7.Nbd2 Nbd7 8.O-O e5 9.
dxe5 Ng4 10.Nd4 Ndxe5 11.Be2 Qd6 12.Rb1 c6 13.h3 Nf6 14.N4f3 Ne4 15.Bxe5 Bxe5
16.Nxe5 Qxe5 17.Re1 Nc3 18.Nf3 Qf6 19.Qd4 Nxb1 20.Rxb1 Qxd4 21.Nxd4 Re8 22.Bf3
Be6 23.c3 Kf7 24.Be2 Rad8 25.f4 Bc8 26.Kf2 Re7 27.Nf3 Rde8 28.Ne5+ Kf6 29.g3
g5 30.Rg1 Rg8 31.Rh1 gxf4 32.exf4 Be6 33.Bd3 a6 34.Be2 c5 35.Rd1 Reg7 36.g4
Rd8 37.g5+ Ke7 38.Bf3 Ke8 39.h4 d4 40.cxd4 Rxd4 41.Rxd4 cxd4 42.Ke2 Rc7 43.Kd3
b5 44.Bc6+ Ke7 45.Kxd4 Kd6 46.h5 Rxc6 47.Nxc6 Kxc6 48.Ke5 Bf7 49.h6 Bg6 50.Kd4
Kd6 51.b4 Bf7 52.a3 Bg6 53.Kc3 Kd5 54.Kd3 Bf7 0-1

[Event "Veteranos Aragón 2015"]
[Site ""]
[Date "2015.04.18"]
[Round "1.16"]
[White "Requena Briones Rafael"]
[Black "Lapuente Mercadal Jose Manuel"]
[Result "1-0"]
[WhiteElo "1666"]
[BlackElo "1543"]

1.e4 e6 2.d4 c5 3.Nf3 Nf6 4.e5 Nd5 5.Bc4 a6 6.O-O b5 7.Be2 Nc6 8.c3 Be7 9.Nbd2
O-O 10.Bd3 c4 11.Bb1 g6 12.Ne4 Re8 13.Nfg5 Qc7 14.Qf3 Rf8 15.Qh3 h5 16.g4 Kg7
17.f4 Rh8 18.f5 hxg4 19.f6+ Bxf6 20.exf6+ Nxf6 21.Qg2 Nxe4 22.Rxf7+ Kg8 23.
Bxe4 Nd8 24.Bf4 Qb6 25.Re7 Kf8 26.Rh7 Rg8 27.Rf1 Ke8 28.Be5 Bb7 29.Qxg4 Bxe4
30.Qxe4 Qb7 31.Qf4 Rc8 32.Bd6 1-0

[Event "Veteranos Aragón 2015"]
[Site ""]
[Date "2015.04.18"]
[Round "1.17"]
[White "Pascual Maisterra José Luis"]
[Black "Lluciá Marco Luis"]
[Result "0-1"]
[WhiteElo "1501"]
[BlackElo "1637"]

1.e4 e5 2.Nc3 Nf6 3.d4 exd4 4.Qxd4 Nc6 5.Qe3 d6 6.Bd3 Be7 7.Nf3 O-O 8.O-O Re8
9.Nd5 Ne5 10.Be2 Bf8 11.Bd2 Neg4 12.Qf4 Rxe4 13.Nxf6+ Nxf6 14.Qg3 Rxe2 15.c4
Ne4 16.Qf4 Nxd2 17.Nxd2 Qe7 18.g3 g6 19.Nf3 Re4 20.Qc1 Bg7 21.Rb1 Bh3 22.Re1
Rxe1+ 23.Nxe1 Re8 24.Nf3 Qe4 25.Ng5 Qg2# 0-1

[Event "Veteranos Aragón 2015"]
[Site ""]
[Date "2015.04.18"]
[Round "1.18"]
[White "Navarro Rubio Rafael"]
[Black "Arduna Domingo Carmen"]
[Result "1-0"]
[WhiteElo "1633"]
[BlackElo "1500"]

1.d4 d5 2.e4 e6 3.e5 Be7 4.Nf3 b6 5.Bd3 c5 6.c3 f6 7.exf6 Nxf6 8.O-O O-O 9.Re1
Bd7 10.Bf4 Qc8 11.Nbd2 Nh5 12.Bg5 Bxg5 13.Nxg5 Nf6 14.Qc2 a6 15.Bxh7+ Kh8 16.
Bg6 cxd4 17.cxd4 Qxc2 18.Bxc2 Nc6 19.Ndf3 Nb4 20.Bg6 Be8 21.Ne5 Rc8 22.Re3 Nc2
23.Rh3+ Kg8 24.Rc1 1-0

[Event "Veteranos Aragón 2015"]
[Site ""]
[Date "2015.04.18"]
[Round "1.19"]
[White "Franco Tejero Luis"]
[Black "Lera Perez Jose Carlos"]
[Result "0-1"]
[WhiteElo "1500"]
[BlackElo "1624"]

1.f4 e6 2.Nf3 d5 3.d4 c5 4.c3 Nc6 5.e3 Qb6 6.Be2 cxd4 7.cxd4 Nf6 8.a3 Bd6 9.
O-O O-O 10.Nc3 Bd7 11.Ne5 Rac8 12.Rb1 Rfd8 13.Bd2 Be8 14.Bd3 Nxe5 15.fxe5 Be7
16.exf6 Bxf6 17.Rxf6 gxf6 18.Qg4+ Kh8 19.Qh4 f5 20.Qf6+ Kg8 21.e4 dxe4 22.Bh6
Qxd4+ 23.Kh1 Qxf6 24.Bf1 Qxh6 25.Ne2 Bb5 26.b3 Bxe2 27.Bxe2 Rc1+ 0-1

[Event "Veteranos Aragón 2015"]
[Site ""]
[Date "2015.04.18"]
[Round "1.20"]
[White "Samper Alarcon Julio Alfredo"]
[Black "Fuster Aparicio Miguel"]
[Result "1-0"]
[WhiteElo "1620"]
[BlackElo "1500"]

1.e4 e5 2.d4 Nc6 3.Nf3 Bd6 4.Bc4 h6 5.Nc3 b6 6.Nb5 Nf6 7.Nxd6+ cxd6 8.d5 Ne7
9.Bd3 O-O 10.O-O Ng6 11.Qe1 Bb7 12.h3 Nh5 13.Nh2 Nhf4 14.Qe3 Qg5 15.Qg3 Qxg3
16.fxg3 Nxd3 17.cxd3 Ba6 18.Rf3 b5 19.Bd2 Bb7 20.Bb4 Rfc8 21.Raf1 f6 22.Bxd6
Rc2 23.R3f2 Rxf2 24.Rxf2 Rc8 25.Bb4 Nh8 26.Nf3 Nf7 27.h4 Nd8 28.Bc3 Ba8 29.d4
exd4 30.Bxd4 Rc4 31.Re2 a5 32.Bb6 Nb7 33.e5 f5 34.e6 Re4 35.Rc2 Nd6 36.exd7
Nf7 37.Rc8+ Kh7 38.Rxa8 a4 39.d8=Q Nxd8 40.Bxd8 Re2 41.Rxa4 bxa4 42.b3 Rxa2
43.bxa4 Rxa4 44.d6 Ra7 45.Bc7 Ra1+ 46.Kh2 Rd1 47.Ne5 Rd5 48.d7 Rxd7 49.Nxd7
Kg6 50.Bf4 h5 51.Bg5 Kf7 52.Kg1 Ke6 53.Nb6 g6 54.Kf2 Ke5 55.Kf3 Ke6 56.Kf4 Kf7
57.Bd8 Ke6 58.Kg5 Kf7 59.Bf6 Kg8 60.Kxg6 1-0

[Event "Veteranos Aragón 2015"]
[Site ""]
[Date "2015.04.25"]
[Round "2.1"]
[White "Roche Simón Manuel Angel"]
[Black "Ocabo Vera Pedro Aristides"]
[Result "1-0"]
[WhiteElo "2144"]
[BlackElo "1777"]

1.e4 g6 2.d4 Bg7 3.Be3 d6 4.Qd2 a6 5.a4 Nd7 6.Nc3 c6 7.a5 b5 8.axb6 Qxb6 9.Na4
Qc7 10.Bd3 h6 11.Ne2 Ngf6 12.h3 Nb6 13.O-O Nbd7 14.c3 g5 15.Ng3 Nf8 16.f4 gxf4
17.Rxf4 Ng6 18.Rf2 h5 19.Nf5 Bxf5 20.exf5 Nf8 21.Bf4 Nd5 22.Re1 Nxf4 23.Qxf4
Bf6 24.Nc5 Be5 25.dxe5 dxc5 26.Qg5 O-O-O 27.Bxa6+ Kb8 28.Qe3 Qb6 29.Bc4 e6 30.
fxe6 fxe6 31.b4 1-0

[Event "Veteranos Aragón 2015"]
[Site ""]
[Date "2015.04.25"]
[Round "2.2"]
[White "Sanchez Valles José Maria"]
[Black "Sarto Ramos Angel"]
[Result "0-1"]
[WhiteElo "1752"]
[BlackElo "1967"]

1.e4 g6 2.f4 c6 3.Nc3 d5 4.e5 h5 5.Be2 Nh6 6.d4 Nf5 7.Qd3 e6 8.Bd2 Qb6 9.Nf3
Qxb2 10.O-O b6 11.a3 Ba6 12.Rfb1 Qxb1+ 13.Nxb1 Bxd3 14.Bxd3 Be7 15.g3 Nd7 16.
a4 c5 17.a5 O-O 18.c3 c4 19.Bc2 bxa5 20.Rxa5 Rfb8 21.Bc1 Bd8 22.Ra2 a5 23.Kf2
Rb7 24.Nbd2 Ne7 25.Ng5 a4 26.Ba3 Nc6 27.Ngf3 Be7 28.Bc1 Nb6 29.h4 a3 30.Ng1
Rba7 31.Nb1 Na5 32.Ne2 Nb3 33.Be3 Na4 34.Kf1 Nb2 35.Nc1 Nxc1 36.Bxc1 Nd3 37.
Be3 Rb8 38.Ke2 Rb2 39.Rxb2 Nxb2 40.Bc1 a2 41.Bxb2 axb1=Q 42.Bxb1 Rb7 0-1

[Event "Veteranos Aragón 2015"]
[Site ""]
[Date "2015.04.25"]
[Round "2.3"]
[White "Palomar Ramón Santiago"]
[Black "Yañez Acin Gonzalo"]
[Result "1-0"]
[WhiteElo "1952"]
[BlackElo "1737"]

1.e4 Nf6 2.Nc3 d5 3.e5 Ne4 4.Nce2 d4 5.Nf3 Bg4 6.c3 Nc5 7.Nexd4 Nbd7 8.b4 Ne6
9.Nxe6 Bxe6 10.d4 c6 11.a4 Bg4 12.h3 Bh5 13.e6 Nf6 14.Bd3 Qd5 15.exf7+ Bxf7
16.c4 Qh5 17.Bd2 O-O-O 18.Qc2 Bg6 19.Bxg6 Qxg6 20.Qxg6 hxg6 21.O-O Ne4 22.Be3
Nd6 23.Ne5 Rh5 24.c5 Nf5 25.Nxg6 Nxd4 26.Bxd4 Rxd4 27.Nxf8 Rxb4 28.Rfe1 Rxc5
29.Rxe7 g5 30.Re8+ 1-0

[Event "Veteranos Aragón 2015"]
[Site ""]
[Date "2015.04.25"]
[Round "2.4"]
[White "Gimeno Royo José Andrés"]
[Black "Gonzalez Felez José Julián"]
[Result "0-1"]
[WhiteElo "1714"]
[BlackElo "1945"]

1.d4 Nf6 2.Nf3 c5 3.c3 e6 4.Bf4 Nc6 5.e3 d5 6.Bd3 Be7 7.h3 c4 8.Bc2 Qb6 9.Qc1
Bd7 10.Nbd2 Rc8 11.O-O O-O 12.e4 dxe4 13.Nxc4 Qa6 14.Nfe5 Nxe5 15.Nxe5 Bb5 16.
Re1 Bd3 17.Bxd3 exd3 18.Qd2 Nd5 19.Nxd3 Nxf4 20.Nxf4 Bg5 21.g3 Rfd8 22.Qe2 Qb6
23.Nd3 Rd5 24.f4 Bf6 25.Ne5 g6 26.Qf2 Rcd8 27.g4 Qc7 28.Re2 b5 29.f5 exf5 30.
gxf5 Bxe5 31.dxe5 Rxe5 32.fxg6 hxg6 33.Qg3 Qc5+ 34.Kf1 Rxe2 35.Kxe2 Qc4+ 36.
Kf2 Rd2+ 37.Kg1 Qc5+ 38.Kh1 Qd5+ 39.Kg1 Rd3 40.Qf2 Qg5+ 41.Qg2 Rg3 0-1

[Event "Veteranos Aragón 2015"]
[Site ""]
[Date "2015.04.25"]
[Round "2.5"]
[White "Vasilev Vas"]
[Black "Navarro Rubio Rafael"]
[Result "1-0"]
[WhiteElo "1943"]
[BlackElo "1633"]

1.d4 d5 2.Nf3 Nf6 3.Bg5 e6 4.Nbd2 Nbd7 5.e3 c5 6.c3 Qb6 7.Rb1 Bd6 8.Bd3 O-O 9.
O-O Re8 10.Bxf6 Nxf6 11.Ne5 c4 12.Bc2 Bxe5 13.dxe5 Nd7 14.Qh5 Nf8 15.Nf3 h6
16.Nd4 Qd8 17.f4 Bd7 18.Rf3 f5 19.exf6 Qxf6 20.Rbf1 e5 21.fxe5 Qxe5 22.Rxf8+
1-0

[Event "Veteranos Aragón 2015"]
[Site ""]
[Date "2015.04.25"]
[Round "2.6"]
[White "Lluciá Marco Luis"]
[Black "Orti Stock Carlos"]
[Result "0-1"]
[WhiteElo "1637"]
[BlackElo "1925"]

1.e4 e5 2.Nf3 Nc6 3.d4 exd4 4.Nxd4 Bc5 5.Be3 Qf6 6.c3 Nge7 7.Be2 O-O 8.Qd2 d5
9.Nxc6 Qxc6 10.Bxc5 Qxc5 11.exd5 Nxd5 12.O-O Be6 13.Qg5 Qb6 14.b3 Rad8 15.Rd1
h6 16.Qg3 Rfe8 17.c4 Nf6 18.Nc3 c6 19.h3 Qb4 20.Kh2 Bf5 21.Rxd8 Rxd8 22.Rd1
Rxd1 23.Bxd1 Qe7 24.Qb8+ Kh7 25.Qf4 Bg6 26.Ne2 Qd7 27.Qd4 Qc7+ 28.g3 c5 29.Qe3
Qd6 30.Nc3 a6 31.Bf3 b6 32.Ne4 Nxe4 33.Bxe4 a5 34.Bxg6+ Kxg6 35.a4 Qd4 36.Kg2
Qxe3 37.fxe3 Kf5 38.Kf3 Ke5 39.h4 h5 40.g4 hxg4+ 41.Kxg4 Ke4 42.h5 Kxe3 43.Kf5
Kd4 0-1

[Event "Veteranos Aragón 2015"]
[Site ""]
[Date "2015.04.25"]
[Round "2.7"]
[White "Navarro Castan Jesús"]
[Black "Lorente Latorre Antonio"]
[Result "1-0"]
[WhiteElo "1862"]
[BlackElo "1627"]

1.e4 e6 2.d4 d5 3.Nc3 Bb4 4.e5 c5 5.a3 Bxc3+ 6.bxc3 Qc7 7.Nf3 Ne7 8.a4 b6 9.
Bb5+ Bd7 10.Bd3 Nbc6 11.O-O c4 12.Be2 Ng6 13.Ba3 Nce7 14.Qd2 Bc6 15.Bd6 Qd7
16.a5 Nc8 17.Bb4 b5 18.Qg5 a6 19.h4 h6 20.Qg3 Rg8 21.Nh2 Nce7 22.h5 Nf5 23.Qg4
Nge7 24.Qh3 g5 25.g4 Ng7 26.Qf3 f5 27.exf6 Rf8 28.Bxe7 1-0

[Event "Veteranos Aragón 2015"]
[Site ""]
[Date "2015.04.25"]
[Round "2.8"]
[White "Lera Perez José Carlos"]
[Black "Marín Fuertes Angel Maria"]
[Result "0-1"]
[WhiteElo "1624"]
[BlackElo "1838"]

1.d4 Nf6 2.c4 e6 3.a3 Be7 4.Nf3 O-O 5.Nc3 d5 6.e3 a6 7.Bd3 Nbd7 8.O-O dxc4 9.
Bxc4 b5 10.Be2 Bb7 11.Bd2 c5 12.Rc1 cxd4 13.Nxd4 Qb6 14.Nf3 Rac8 15.Rc2 Rfd8
16.Qb1 Nc5 17.Rfc1 Nfe4 18.Qa1 Nb3 19.Qb1 Nexd2 20.Nxd2 Rxd2 21.Rxd2 Nxd2 22.
Qc2 Nc4 23.Rd1 Nd6 24.Qb3 Qc7 25.h3 g6 26.Rc1 Bf6 27.Na2 Qb8 28.Nc3 Bxc3 29.
bxc3 Bd5 30.Qd1 Rc5 31.Qd4 Qc7 32.Qb4 Ne4 33.Kh1 Rxc3 34.Rxc3 Qxc3 0-1

[Event "Veteranos Aragón 2015"]
[Site ""]
[Date "2015.04.25"]
[Round "2.9"]
[White "Garcia Estruch Jorge"]
[Black "Garcia Artal Obdulio"]
[Result "0-1"]
[WhiteElo "1819"]
[BlackElo "1599"]

1.e4 d6 2.d4 g6 3.Nf3 Bg7 4.Bc4 Nf6 5.Qe2 O-O 6.O-O Bg4 7.h3 Bxf3 8.Qxf3 Nbd7
9.c3 c5 10.Be3 a6 11.Nd2 b5 12.Bb3 c4 13.Bc2 e5 14.Rfd1 Qc7 15.Qe2 d5 16.exd5
Nxd5 17.Nf3 exd4 18.Bxd4 Rfe8 19.Qd2 N7f6 20.a4 Qf4 21.Bxf6 Qxd2 22.Rxd2 Nxf6
23.axb5 axb5 24.Rxa8 Rxa8 25.Nd4 Rb8 26.Re2 Bf8 27.b4 Nd5 28.Re3 Nxe3 29.fxe3
Bg7 30.Kf2 Bxd4 31.cxd4 Ra8 32.Kf3 Ra2 33.Be4 Rb2 34.d5 c3 0-1

[Event "Veteranos Aragón 2015"]
[Site ""]
[Date "2015.04.25"]
[Round "2.10"]
[White "Edeso Perez Francisco"]
[Black "Samper Alarcon Julio Alfredo"]
[Result "1-0"]
[WhiteElo "1785"]
[BlackElo "1620"]

1.d4 d5 2.c4 c6 3.cxd5 cxd5 4.Nc3 Nf6 5.Nf3 e6 6.Bg5 Be7 7.e3 a6 8.Bd3 Nc6 9.
Rc1 Nd7 10.Bxe7 Qxe7 11.O-O O-O 12.a3 Rd8 13.Nd2 Nf8 14.f4 Ng6 15.Nf3 f6 16.
Qc2 Nf8 17.Qf2 Bd7 18.e4 dxe4 19.Bxe4 Be8 20.d5 exd5 21.Bxd5+ Bf7 22.Be4 Qd6
23.g3 Rac8 24.Qb6 Qc7 25.Qf2 Qd6 26.Rfd1 Qc7 27.Nd5 Qa5 28.Rc5 Qa4 29.Bc2 Qb5
30.Rxb5 axb5 31.Ne3 Ne6 32.Rxd8+ Rxd8 33.Bb3 Ned4 34.Bxf7+ Kxf7 35.Nxd4 Rxd4
36.Qc2 g6 37.Qb3+ Kg7 38.Qxb5 Rd7 39.a4 Re7 40.Qb3 Kh6 41.Kf2 Rd7 42.Nc4 f5
43.Ne5 Nxe5 44.fxe5 Rd2+ 45.Ke3 Rxh2 46.Qxb7 Kg5 47.Kf3 Rd2 48.Qxh7 Rd3+ 49.
Kg2 f4 50.Qh4+ Kf5 51.Qxf4+ Ke6 52.Qf6+ 1-0

[Event "Veteranos Aragón 2015"]
[Site ""]
[Date "2015.04.25"]
[Round "2.11"]
[White "Requeno Otin Juan José"]
[Black "Lopez Carcas Jesús"]
[Result "1/2-1/2"]
[WhiteElo "1446"]
[BlackElo "1430"]

1.d4 d5 2.Nf3 Nf6 3.Bf4 Nh5 4.Bd2 Nc6 5.e3 Bg4 6.c4 e6 7.cxd5 Qxd5 8.Be2 Nf6
9.O-O Bd6 10.Nc3 Qf5 11.Nh4 Qh5 12.g3 Bxe2 13.Qxe2 Qxe2 14.Nxe2 g5 15.Nf3 Ne4
16.Bc1 h5 17.Nc3 Nxc3 18.bxc3 f6 19.Rb1 O-O-O 20.Nd2 a6 21.Ne4 Be7 22.Rb3 f5
23.Nd2 Na5 24.Rb1 h4 25.Nb3 Nc4 26.Nd2 Nb6 27.Rb3 Nd5 28.Ba3 Bxa3 29.Rxa3 f4
30.exf4 gxf4 31.Nf3 fxg3 32.Ne5 gxf2+ 33.Rxf2 Rhg8+ 34.Rg2 h3 35.Rg3 Ne3 36.
Kf2 Rxg3 37.Kxg3 Rh8 38.c4 Nf5+ 39.Kg4 Nxd4 40.Rxh3 Rxh3 41.Kxh3 Kd8 42.Kg4
Ke7 43.Kf4 Kd6 44.h4 Ne2+ 45.Ke4 Ng3+ 46.Kf4 Nh5+ 47.Ke4 c5 48.Nf7+ Ke7 49.Ng5
b5 50.cxb5 axb5 51.Ke5 Ng7 52.Ne4 c4 53.Nd6 Nf5 54.Nxb5 Nxh4 55.Kd4 1/2-1/2

[Event "Veteranos Aragón 2015"]
[Site ""]
[Date "2015.04.25"]
[Round "2.12"]
[White "Pellicer Sancho Rafael José"]
[Black "Royo Onde Manuel"]
[Result "1/2-1/2"]
[WhiteElo "1754"]
[BlackElo "1817"]

1.d4 d5 2.c4 e6 3.Nc3 c6 4.Nf3 Nf6 5.Bg5 dxc4 6.e4 b5 7.e5 h6 8.Bh4 g5 9.Nxg5
hxg5 10.Bxg5 Be7 11.exf6 Bxf6 12.Bxf6 Qxf6 13.Ne4 Qe7 14.Qf3 Qb4+ 15.Qc3 Qxc3+
16.bxc3 Nd7 17.g3 Nb6 18.Nd6+ Ke7 19.Nxc8+ Raxc8 20.h4 Nd5 21.Kd2 c5 22.dxc5
Rxc5 23.Bg2 Rd8 24.Kc2 Nf6 25.Rad1 Rf5 26.f3 Re5 27.Rxd8 Kxd8 28.Rd1+ Ke7 29.
g4 Nd5 30.Kd2 Nf4 31.Bf1 a5 32.a4 bxa4 33.Bxc4 Ng2 34.Rh1 Rc5 35.Ba6 a3 36.c4
a2 37.h5 Nf4 38.Ke3 e5 39.Ra1 Rc6 40.Bb5 Rd6 41.Rxa2 Rd1 42.Kf2 Rh1 43.Rxa5
Rh2+ 44.Kg1 Rg2+ 45.Kf1 e4 46.h6 exf3 47.Bc6 Rxg4 48.Bxf3 Rh4 49.Rf5 Ng6 50.
Bd5 Nh8 51.Ke2 Rxh6 52.Kd3 Kd6 53.Bxf7 Nxf7 54.Rxf7 Kc5 55.Rf5+ Kc6 56.Kd4
Rd6+ 57.Kc3 Rd1 58.Kc2 Rh1 59.Rd5 Rh3 60.Rd8 Kc5 61.Rd3 Rxd3 62.Kxd3 Kc6 63.
Kd4 Kd6 64.c5+ Kc6 65.Kc4 Kc7 66.Kd5 Kd7 1/2-1/2

[Event "Veteranos Aragón 2015"]
[Site ""]
[Date "2015.04.25"]
[Round "2.13"]
[White "Cortes Sobrevilla Cecilio"]
[Black "Codina Escudero Juan"]
[Result "1-0"]
[WhiteElo "1678"]
[BlackElo "1451"]

1.d4 e6 2.Nf3 d5 3.e3 a6 4.Bd3 c5 5.b3 cxd4 6.exd4 Nc6 7.a3 Qb6 8.Bb2 Nf6 9.
Nbd2 Bd6 10.O-O O-O 11.c4 Bf4 12.Qc2 Bxd2 13.c5 Qc7 14.Qxd2 Bd7 15.a4 Rac8 16.
b4 Nb8 17.Rfc1 Bc6 18.b5 axb5 19.axb5 Be8 20.Ra7 Nh5 21.g3 Qe7 22.g4 Nf6 23.
Qf4 Qc7 24.Ne5 Nbd7 25.c6 Nxe5 26.dxe5 h6 27.Rxb7 Qa5 28.exf6 g5 29.Qg3 Qa2
30.Be5 Qd2 31.Rc2 Qe1+ 32.Kg2 Kh8 33.Re2 Qc1 34.Qh3 1-0

[Event "Veteranos Aragón 2015"]
[Site ""]
[Date "2015.04.25"]
[Round "2.14"]
[White "Ferruz Martinez Rafael"]
[Black "Miranda Cuartero Juan Carlos"]
[Result "0-1"]
[WhiteElo "1323"]
[BlackElo "1653"]

1.e4 e6 2.d4 d5 3.exd5 exd5 4.Nc3 Nf6 5.Be2 Bd6 6.Nf3 c6 7.Bg5 O-O 8.O-O Be6
9.Qd2 Nbd7 10.h3 Qc7 11.Bh4 Rae8 12.Rae1 Bf5 13.Bd3 Ne4 14.Bxe4 dxe4 15.Ne5
Nxe5 16.dxe5 Bxe5 17.Nxe4 Bxe4 18.Rxe4 Bh2+ 0-1